[Event "World Junior U20 Open 2018"]
[Site "Gebze"]
[Date "2018.09.14"]
[Round "10.45"]
[White "Agmanov, Zhandos"]
[Black "Petkov, Momchil"]
[Result "1/2-1/2"]
[WhiteElo "2379"]
[BlackElo "2163"]
[Annotator "NA"]
[PlyCount "85"]
[EventDate "2018.09.05"]
[EventType "swiss"]
[EventCountry "TUR"]
[SourceTitle "playchess.com"]
[Source "ChessBase"]
[SourceQuality "1"]
[TimeControl "40/5400+30:1800+30"]

1. e4 c5 2. Nf3 Nc6 3. Bb5 g6 4. O-O Bg7 5. Bxc6 dxc6 6. d3 Nf6 7. h3 O-O 8. Nc3 b6 9. Be3 e5 {B31: Sicilian: 2...Nc6 3 Bb5 g6} 10. Qd2 (10. a3 Qe7 11. Qb1 Nh5 12. b4 f5 13. bxc5 f4 14. Bd2 bxc5 15. Qb3+ Be6 {0-1 (39) Caruana,F (2820)-Carlsen,M (2862) Wijk aan Zee 2015 CBM 165 [Stohl,I]}) 10... Qd6 11. Bh6 Ne8 12. Ne2 Nc7 {[%emt 0:17:00]} 13. Nh2 {[%emt 0:40:30] [#]} Ne6 $146 {[%emt 0:31:30]} ({Predecessor:} 13... Qf6 14. Bxg7 Qxg7 15. c3 Ba6 16. Rad1 Rad8 17. Qe3 f5 18. f4 exf4 19. Nxf4 Rfe8 20. Qg3 fxe4 21. Ng4 Rf8 22. Rfe1 exd3 23. Nxd3 {½-½ (23) Zulfugarli,M (2430)-Guseinov,G (2527) Moscow 2002}) 14. Bxg7 {[%emt 0:03:30]} Nxg7 {[%emt 0:06:30]} 15. f4 {[%emt 0:03:30]} f5 {[%emt 0:04:30]} 16. fxe5 {[%emt 0:32:20]} Qxe5 {[%emt 0:01:30]} 17. Nc3 {[%emt 0:00:05]} Qd4+ {[%emt 0:06:30]} 18. Qf2 {[%emt 0:01:44]} Be6 {[%emt 0:07:30]} 19. Nf3 {[%emt 0:00:22]} Qxf2+ {[%emt 0:02:30]} 20. Rxf2 {[%emt 0:00:18]} fxe4 {[%emt 0:04:12]} 21. dxe4 {[%emt 0:00:59]} Rad8 {[%emt 0:00:52]} 22. Rff1 {[%emt 0:00:23]} Nh5 {[%emt 0:02:53]} 23. Ne5 {[%emt 0:07:44]} Rd2 {[%emt 0:02:03]} 24. Rxf8+ {[%emt 0:00:37]} Kxf8 {[%emt 0:00:30]} 25. Rf1+ {[%emt 0:00:30]} Kg7 {[%emt 0:00:30]} 26. Rf2 {[%emt 0:00:30]} Rd6 {[%emt 0:00:30]} 27. Nf3 {[%emt 0:03:05]} h6 {[%emt 0:01:17]} 28. Kh2 {[%emt 0:00:33]} g5 {[%emt 0:01:00]} 29. g3 {[%emt 0:00:22]} Rd8 {[%emt 0:03:38]} 30. Ne5 {[%emt 0:00:09]} Rd6 $11 {[%emt 0:00:36]} 31. Nd3 {[%emt 0:03:11]} c4 {[%emt 0:01:50]} 32. Ne5 {[%emt 0:00:20]} b5 {[%emt 0:00:43]} 33. Nf3 {[%emt 0:01:39]} a5 {[%emt 0:01:38]} 34. a3 {[%emt 0:01:11]} Rd8 {[%emt 0:02:04]} 35. Ne5 {[%emt 0:00:04]} Rd6 {[%emt 0:00:09]} 36. Nf3 {[%emt 0:00:06]} Rd8 {[%emt 0:00:23]} 37. e5 {[%emt 0:00:36]} Rf8 {[%emt 0:01:50]} 38. Ne4 {[%emt 0:00:33]} Bd5 {[%emt 0:01:12]} 39. Nd4 {[%emt 0:00:00]} Rxf2+ {[%emt 0:03:28]} 40. Nxf2 {[%emt 0:00:00]} Kg6 {[%emt 0:00:00]} 41. c3 {[%emt 0:04:39]} Ng7 {[%emt 0:03:42]} 42. g4 {[%emt 0:01:30]} Ne8 {[%emt 0:08:30]} 43. Kg3 {[%emt 0:08:30]} 1/2-1/2

[Event "World Junior U20 Open 2018"]
[Site "Gebze"]
[Date "2018.09.14"]
[Round "10.46"]
[White "Philippe, Guillaume"]
[Black "Kamer, Kayra"]
[Result "1/2-1/2"]
[WhiteElo "2358"]
[BlackElo "2205"]
[Annotator "NA"]
[PlyCount "91"]
[EventDate "2018.09.05"]
[EventType "swiss"]
[EventCountry "TUR"]
[SourceTitle "playchess.com"]
[Source "ChessBase"]
[SourceQuality "1"]
[TimeControl "40/5400+30:1800+30"]

1. e4 c5 2. Nf3 e6 3. d4 cxd4 4. Nxd4 a6 5. Bd3 Bc5 6. Nb3 Be7 7. O-O Nc6 8. Nc3 Nf6 9. f4 d6 10. Qf3 Qc7 11. Be3 h5 {B33: Sizilianisch (Lasker/Pelikan/Sweschnikow-Variante)} (11... O-O 12. a4 b6 13. g4 Re8 14. g5 Nd7 15. Qg3 Bf8 16. h4 Nb4 17. h5 Nc5 18. Nxc5 bxc5 19. g6 d5 20. gxf7+ Qxf7 {0-1 (59) Van Foreest,J (2600)-Iturrizaga Bonelli,E (2662) Vlissingen 2017}) 12. h3 h4 13. Qf2 b6 14. a4 Nd7 $146 ({Vorgänger:} 14... Rb8 15. Nd4 Nh5 16. Ncb5 Qb7 17. Nxc6 Qxc6 18. Na7 Qc7 19. Nxc8 Qxc8 20. Bxb6 {1-0 (49) Peczely,S (2165)-Schneider,V (2266) Hungary 2013}) 15. Nd4 {[%emt 0:28:30]} Nb4 {[%emt 0:20:30]} 16. Rac1 {[%emt 0:05:30]} Bb7 {[%emt 0:01:30]} 17. f5 {[%emt 0:00:30]} e5 {[%emt 0:00:30]} 18. Nb3 {[%emt 0:03:30]} d5 {[%emt 0:03:30]} 19. exd5 {[%emt 0:01:30]} Nxd5 {[%emt 0:00:30]} 20. Nxd5 {[%emt 0:00:30]} Bxd5 {[%emt 0:00:30]} 21. c4 {[%emt 0:00:30]} Bc6 {[%emt 0:00:00]} 22. c5 {[%emt 0:00:30]} b5 {[%emt 0:00:00]} 23. axb5 {[%emt 0:07:30]} axb5 {[%emt 0:00:30]} 24. Nd2 {[%emt 0:00:30]} Qb7 {[%emt 0:00:30]} 25. b4 {[%emt 0:01:30]} Ra4 {[%emt 0:00:30]} 26. Rb1 {[%emt 0:02:30]} Nf6 {[%emt 0:08:30]} 27. Bc2 {[%emt 0:02:30]} Ra2 {[%emt 0:00:30]} 28. Rfc1 {[%emt 0:02:30]} Rh5 {[%emt 0:07:30]} 29. Qe2 {[%emt 0:02:30]} Qa8 {[%emt 0:09:30]} 30. Nb3 {[%emt 0:06:30]} Rxf5 {[%emt 0:05:30]} 31. Na5 {[%emt 0:00:30]} Nd5 {[%emt 0:09:30]} 32. Bd2 {[%emt 0:00:00]} Bg5 {[%emt 0:15:30]} 33. Bxf5 {[%emt 0:07:00]} Be3+ {[%emt 0:00:00]} 34. Kh1 {[%emt 0:00:30]} Rxd2 {[%emt 0:01:00]} 35. Qh5 {[%emt 0:00:30]} Nc3 {[%emt 0:07:00]} (35... Nf4 $11 {bleibt in der Remisbreite.} 36. Qh8+ Ke7 37. Nxc6+ (37. Qxh4+ $2 f6 $19) 37... Qxc6 38. Qxg7 Nh5 39. Qxe5+ Kf8 40. Qb8+ (40. Be4 Qxe4 41. Qxe4 Ng3+ 42. Kh2 Nxe4 $15) 40... Kg7 41. Qe5+ Kf8) 36. Qh8+ {[%emt 0:07:30]} Ke7 {[%emt 0:00:01]} 37. Nxc6+ {[%emt 0:00:00]} Qxc6 {[%emt 0:00:03]} 38. Qxg7 {[%emt 0:00:00]} Nxb1 {[%emt 0:03:57]} 39. Qxe5+ {[%emt 0:01:30]} Kd8 {[%emt 0:01:23]} 40. Be4 {[%emt 0:00:00]} Qd7 {[%emt 0:00:00]} 41. Bf3 {[%emt 0:09:00]} Rxg2 {[%emt 0:09:06]} 42. Qf6+ {[%emt 0:27:54]} Kc8 {[%emt 0:02:30]} 43. Qa6+ $11 {[%emt 0:02:24]} Kd8 {[%emt 0:01:30]} 44. Qf6+ {[%emt 0:03:26]} Kc8 {[%emt 0:01:30]} 45. Qa6+ {[%emt 0:06:32]} Kd8 {[%emt 0:00:30]} 46. Qf6+ {[%emt 0:00:20]} 1/2-1/2

[Event "World Junior U20 Open 2018"]
[Site "Gebze"]
[Date "2018.09.14"]
[Round "10.47"]
[White "Murzin, Volodar"]
[Black "Nyambileg, Erdene-Ochir"]
[Result "1-0"]
[WhiteElo "2349"]
[BlackElo "1798"]
[Annotator "ChessBase"]
[PlyCount "41"]
[EventDate "2018.09.05"]
[EventType "swiss"]
[EventCountry "TUR"]
[SourceTitle "playchess.com"]
[Source "ChessBase"]
[SourceQuality "1"]
[TimeControl "40/5400+30:1800+30"]

1. e4 e5 2. Nf3 Nc6 3. Bc4 Bc5 4. O-O Nf6 5. d3 O-O 6. a4 d5 7. exd5 Nxd5 8. Re1 Bg4 9. h3 Bh5 10. Nbd2 Nb6 11. Bb5 f6 12. Bxc6 bxc6 13. Ne4 Bd6 {[%emt 0:26:30]} 14. Ng3 {[%emt 0:31:00]} Bf7 {[%emt 0:00:30]} 15. a5 {[%emt 0:00:30]} Nd5 {[%emt 0:01:30]} 16. d4 {[%emt 0:16:30]} exd4 {[%emt 0:06:30]} 17. Nxd4 {[%emt 0:03:30]} Bxg3 {[%emt 0:16:30]} 18. fxg3 {[%emt 0:00:30]} Qd7 {[%emt 0:01:30]} 19. Qf3 {[%emt 0:08:30]} c5 {[%emt 0:08:30]} 20. Nf5 {[%emt 0:01:30]} Bg6 {[%emt 0:01:30]} 21. Qxd5+ {[%emt 0:00:30]} 1-0

[Event "World Junior U20 Open 2018"]
[Site "Gebze"]
[Date "2018.09.14"]
[Round "10.48"]
[White "Wong, Yinn Long"]
[Black "Galperin, Platon"]
[Result "1/2-1/2"]
[WhiteElo "2261"]
[BlackElo "2348"]
[Annotator "ChessBase"]
[PlyCount "80"]
[EventDate "2018.09.05"]
[EventType "swiss"]
[EventCountry "TUR"]
[SourceTitle "playchess.com"]
[Source "ChessBase"]
[SourceQuality "1"]
[TimeControl "40/5400+30:1800+30"]

1. e4 c5 2. Nf3 e6 3. d4 cxd4 4. Nxd4 Nc6 5. Nc3 Qc7 6. Be3 a6 7. Bd3 Nf6 8. O-O Bd6 9. f4 Nxd4 10. e5 Bc5 11. exf6 {[%emt 0:04:30]} Nxc2 {[%emt 0:37:30]} 12. fxg7 {[%emt 0:00:30]} Rg8 {[%emt 0:06:30]} 13. Qxc2 {[%emt 0:04:30]} Bxe3+ {[%emt 0:00:30]} 14. Kh1 {[%emt 0:00:30]} Rxg7 {[%emt 0:03:30]} 15. Rae1 {[%emt 0:10:30]} Bd4 {[%emt 0:05:30]} 16. f5 {[%emt 0:18:30]} Bxc3 {[%emt 0:02:30]} 17. bxc3 {[%emt 0:00:30]} b5 {[%emt 0:10:30]} 18. fxe6 {[%emt 0:05:30]} dxe6 {[%emt 0:01:30]} 19. Qf2 {[%emt 0:10:30]} Kf8 {[%emt 0:00:30]} 20. Be4 {[%emt 0:02:30]} Rb8 {[%emt 0:00:00]} 21. Qf6 {[%emt 0:03:30]} Bb7 {[%emt 0:04:00]} 22. Qxe6 {[%emt 0:02:30]} Kg8 {[%emt 0:00:30]} 23. Qf6 {[%emt 0:04:30]} Bxe4 {[%emt 0:00:30]} 24. Rxe4 {[%emt 0:00:30]} Rg6 {[%emt 0:00:30]} 25. Qe7 {[%emt 0:05:30]} Rb7 {[%emt 0:03:30]} 26. Qe8+ {[%emt 0:02:30]} Kg7 {[%emt 0:01:30]} 27. Ref4 {[%emt 0:02:30]} Qe7 {[%emt 0:00:30]} 28. Rxf7+ {[%emt 0:01:30]} Qxf7 {[%emt 0:00:30]} 29. Rxf7+ {[%emt 0:00:30]} Rxf7 {[%emt 0:00:30]} 30. Qe5+ {[%emt 0:00:30]} Kg8 {[%emt 0:00:30]} 31. g3 {[%emt 0:00:30]} h6 {[%emt 0:00:30]} 32. Kg2 {[%emt 0:00:30]} Rgf6 {[%emt 0:00:30]} 33. h4 {[%emt 0:06:01]} Rf2+ {[%emt 0:03:30]} 34. Kh3 {[%emt 0:00:11]} Kh7 {[%emt 0:04:59]} 35. Qe4+ {[%emt 0:02:02]} Kg7 {[%emt 0:00:01]} 36. a4 {[%emt 0:00:59]} R2f5 {[%emt 0:00:29]} 37. axb5 {[%emt 0:01:17]} axb5 {[%emt 0:00:02]} 38. c4 {[%emt 0:02:42]} bxc4 {[%emt 0:00:11]} 39. Qxc4 {[%emt 0:00:40]} h5 {[%emt 0:00:03]} 40. Qd4+ {[%emt 0:00:00]} Kh7 {[%emt 0:00:00]} 1/2-1/2

[Event "World Junior U20 Open 2018"]
[Site "Gebze"]
[Date "2018.09.14"]
[Round "10.49"]
[White "Kevlishvili, Robby"]
[Black "Gunduz, Umut Erdem"]
[Result "1-0"]
[WhiteElo "2485"]
[BlackElo "2119"]
[Annotator "TA"]
[PlyCount "93"]
[EventDate "2018.09.05"]
[EventType "swiss"]
[EventCountry "TUR"]
[SourceTitle "playchess.com"]
[Source "ChessBase"]
[SourceQuality "1"]

{[%evp 24,93,19,17,40,40,40,40,41,40,45,44,45,31,66,65,79,84,87,77,84,71,84,70,92,85,104,113,105,97,109,93,96,23,18,17,88,12,106,89,135,119,129,144,150,139,135,150,143,149,708,454,707,696,681,713,697,692,776,737,726,763,783,762,793,691,677,658,1506,1356,1389,1406]} 1. e4 e5 2. Nf3 Nc6 3. Bb5 a6 4. Ba4 Nf6 5. O-O Be7 6. Re1 b5 7. Bb3 O-O 8. d3 Bb7 9. Nc3 d6 10. a3 Na5 {C84: Closed Ruy Lopez: Unusual White 6th moves} (10... Re8 11. Ba2 h6 12. h3 Bf8 13. Be3 Ne7 14. d4 exd4 15. Bxd4 Nc6 16. Be3 Qd7 17. Nd5 Nxd5 18. Bxd5 {0-1 (67) Bacrot,E (2715)-Bu,X (2710) Tbilisi 2017}) 11. Ba2 c5 12. b4 Nc6 13. Nd5 {LiveBook: 3 Games} cxb4 14. axb4 Nxd5 15. Bxd5 Qc7 {[#]} 16. Bd2 $146 ({Predecessor:} 16. c3 Bf6 17. Be3 Ne7 18. Bxb7 Qxb7 {1-0 (99) Emms,J (2532)-Walker,M (2109) Scarborough 2001}) 16... Bd8 17. c3 Ne7 18. Bb3 h6 19. Nh4 Kh7 20. d4 Ng8 21. Nf5 g6 22. Ng3 Bf6 23. Rc1 Rad8 24. d5 Rc8 25. c4 bxc4 26. Bxc4 Qb6 27. Qe2 Bg5 28. Nf1 (28. Bxg5 $16 hxg5 29. Qg4) 28... Bxd2 $1 $11 29. Nxd2 Rc7 (29... f5 $11 {keeps the balance.}) 30. Rb1 (30. Bd3 $16) 30... Ne7 (30... f5 $11 {remains equal.}) 31. Bd3 $16 {[%cal Bc4d3,Bd3e4,Be4c2][%mdl 32]} Rc3 32. Nc4 Qc7 33. Na5 f5 {White should prevent ...fxe4.} 34. Qd2 $36 {[%mdl 2048] Keeping Black busy.} fxe4 35. Bxe4 Ba8 {[#]} 36. Nc6 $1 {[%mdl 512]} Ra3 $2 {[%mdl 8192]} (36... Nxd5 $16 37. Bxd5 Rxc6) (36... Bxc6 37. Qxc3) 37. Qb2 {White is clearly winning.} Ra4 (37... Nxc6 $142 38. dxc6 Ra4) 38. Nxe7 $18 Qxe7 39. Qb3 Qd7 40. Bc2 Qf7 41. f3 Bxd5 42. Qxa4 Qa7+ 43. Kh1 Rxf3 44. Be4 Bxe4 45. Rxe4 Qf2 {[#] ( -> ...Qf1+!)} 46. Ree1 h5 47. Qxa6 {Precision: White = 73%, Black = 45%.} 1-0

[Event "World Junior U20 Open 2018"]
[Site "Gebze"]
[Date "2018.09.14"]
[Round "10.50"]
[White "Sargsyan, Shant"]
[Black "Samani, Yamac"]
[Result "1/2-1/2"]
[WhiteElo "2477"]
[BlackElo "2226"]
[Annotator "TA"]
[PlyCount "74"]
[EventDate "2018.09.05"]
[EventType "swiss"]
[EventCountry "TUR"]
[SourceTitle "playchess.com"]
[Source "ChessBase"]
[SourceQuality "1"]

{[%evp 23,74,-19,-19,-19,-19,-23,-16,-43,-47,-51,-22,-45,-40,-44,-40,-31,-31,-35,-41,-47,-54,-43,-20,-43,-46,-46,-37,-37,-32,-32,-36,-37,-43,-36,-43,-43,-34,-41,-35,-34,-29,-34,0,0,0,0,0,0,0,0,0,0,0]} 1. b3 c5 2. Bb2 Nc6 3. Nf3 Nf6 4. e3 d5 5. Bb5 Bd7 6. O-O e6 7. d3 Be7 8. Nbd2 O-O 9. Bxc6 Bxc6 10. Ne5 Rc8 11. f4 Nd7 12. Qg4 {A03: Bird's Opening with 1...d5} Nxe5 {LiveBook: 5 Games} 13. Bxe5 {[%csl Ge5][%cal Rg4g7] [#]} g6 14. Nf3 Bd7 15. h4 f6 16. Bb2 $146 ({Predecessor:} 16. h5 fxe5 17. hxg6 h6 18. Nxe5 Bf6 19. Qh5 Bxe5 20. Qxh6 {0-1 (38) Maksimovic,B (2365)-Cvetkovic,S (2435) Kladovo 1990}) 16... Rf7 (16... e5 $5 {[%cal Rd7g4]} 17. Qg3 e4 18. dxe4 dxe4 $15) 17. Qh3 e5 18. Qg3 exf4 19. Qxf4 Qc7 20. Qxc7 Rxc7 21. Rae1 Bd6 22. e4 d4 23. Kf2 b5 24. g3 Bg4 25. Bc1 Be5 26. Bf4 c4 27. Kg2 cxd3 28. cxd3 Rc2+ 29. Rf2 Bxf3+ 30. Kxf3 Rfc7 (30... Rc3 {is interesting.} 31. Ke2 Rfc7 32. Rd1 Bxf4 33. gxf4 Rc2+) 31. Rxc2 Rxc2 32. Re2 Rxe2 (32... Rc3 {keeps more tension.} 33. Rd2 Kf8 34. g4 Kf7 35. g5 Ke6) 33. Kxe2 $15 {KB-KB. The position is equal.} Kf7 34. Kf3 h5 35. g4 Bxf4 36. Kxf4 {[#] Black must now prevent gxh5.} hxg4 37. Kxg4 Ke6 {Precision: White = 56%, Black = 77%.} 1/2-1/2

[Event "World Junior U20 Open 2018"]
[Site "Gebze"]
[Date "2018.09.14"]
[Round "10.51"]
[White "Nogerbek, Kazybek"]
[Black "Huber, Martin Christian"]
[Result "1-0"]
[WhiteElo "2261"]
[BlackElo "2390"]
[Annotator "NA"]
[PlyCount "109"]
[EventDate "2018.09.05"]
[EventType "swiss"]
[EventCountry "TUR"]
[SourceTitle "playchess.com"]
[Source "ChessBase"]
[SourceQuality "1"]
[TimeControl "40/5400+30:1800+30"]

1. e4 c5 2. Nf3 e6 3. d4 cxd4 4. Nxd4 Nc6 5. Nc3 Qc7 6. Be3 a6 7. a3 Nf6 8. f4 d6 9. Qf3 h5 10. O-O-O Bd7 11. h3 h4 {[%emt 0:22:30]} 12. Bd3 {[%emt 0:20:00]} Rc8 {[%emt 0:00:30]} 13. Rhe1 {[%emt 0:00:30]} Be7 {[%emt 0:04:30]} 14. Qf2 {[%emt 0:03:30]} b5 $16 {[%emt 0:04:30]} 15. Nxc6 {[%emt 0:03:30]} Bxc6 {[%emt 0:03:30]} 16. g4 {[%emt 0:05:30]} hxg3 {[%emt 0:03:30]} 17. Qxg3 {[%emt 0:02:30]} Qb7 {[%emt 0:10:30]} 18. e5 {[%emt 0:13:30]} Nh5 {[%emt 0:14:30]} 19. Qf2 {[%emt 0:03:30]} b4 {[%emt 0:04:30]} 20. axb4 {[%emt 0:04:30]} Qxb4 {[%emt 0:02:30]} 21. exd6 {[%emt 0:03:30]} Bxd6 {[%emt 0:01:30]} 22. Bd4 {[%emt 0:16:30]} Bxf4+ {[%emt 0:09:50]} 23. Kb1 {[%emt 0:00:00]} O-O {[%emt 0:12:37]} 24. Bc5 {[%emt 0:01:00]} Qb7 {[%emt 0:00:38]} 25. Bxf8 {[%emt 0:01:30]} Rxf8 {[%emt 0:00:44]} 26. Qh4 {[%emt 0:06:47]} g6 {[%emt 0:01:22]} 27. Be4 {[%emt 0:04:16]} Bg3 {[%emt 0:02:00]} 28. Bxc6 {[%emt 0:00:40]} Qxc6 {[%emt 0:00:30]} 29. Qe4 {[%emt 0:00:00]} Qb6 {[%emt 0:01:10]} 30. Rf1 {[%emt 0:00:26]} f5 {[%emt 0:01:43]} 31. Qc4 {[%emt 0:00:20]} Ng7 {[%emt 0:00:48]} 32. Rd7 {[%emt 0:02:45]} Be5 {[%emt 0:00:22]} 33. Na4 {[%emt 0:01:51]} Qe3 {[%emt 0:00:07]} 34. Qd3 {[%emt 0:01:27]} Qxd3 {[%emt 0:00:56]} 35. cxd3 {[%emt 0:01:07]} Rb8 {[%emt 0:00:48]} 36. d4 {[%emt 0:02:11]} Bf6 {[%emt 0:00:11]} 37. Nc5 {[%emt 0:00:09]} Rb6 {[%emt 0:00:26]} 38. Kc2 {[%emt 0:01:06]} e5 {[%emt 0:00:31]} 39. dxe5 {[%emt 0:01:46]} Bxe5 {[%emt 0:00:07]} 40. Nd3 {[%emt 0:00:00]} Bf6 {[%emt 0:00:00]} 41. Ra1 {[%emt 0:08:09]} Ne6 {[%emt 0:02:10]} 42. Ra7 {[%emt 0:01:30]} Rc6+ {[%emt 0:09:30]} 43. Kb1 {[%emt 0:02:30]} Nc7 {[%emt 0:00:30]} 44. Nb4 {[%emt 0:03:30]} Rc4 {[%emt 0:04:34]} 45. Nxa6 {[%emt 0:00:00]} Nd5 {[%emt 0:00:22]} 46. Rd7 {[%emt 0:04:43]} Rd4 {[%emt 0:01:23]} 47. Rb7 {[%emt 0:03:49]} Nf4 {[%emt 0:12:05]} 48. Ra3 {[%emt 0:02:48]} Nd3 {[%emt 0:02:11]} 49. Rc3 {[%emt 0:02:51]} Rd8 {[%emt 0:01:38]} 50. Rc6 {[%emt 0:00:12]} Bxb2 {[%emt 0:00:44]} 51. Rxg6+ {[%emt 0:00:29]} Kf8 {[%emt 0:00:12]} 52. Nb8 {[%emt 0:01:41]} Rxb8 {[%emt 0:03:18]} 53. Rxb8+ {[%emt 0:00:06]} Kf7 {[%emt 0:00:00]} 54. Rd6 {[%emt 0:00:11]} Be5 {[%emt 0:00:14]} 55. Rb7+ {[%emt 0:00:30]} 1-0

[Event "World Junior U20 Open 2018"]
[Site "Gebze"]
[Date "2018.09.14"]
[Round "10.52"]
[White "Miciano, John Marvin"]
[Black "Noboa, Kevin"]
[Result "0-1"]
[WhiteElo "2374"]
[BlackElo "2256"]
[Annotator "ChessBase"]
[PlyCount "66"]
[EventDate "2018.09.05"]
[EventType "swiss"]
[EventCountry "TUR"]
[SourceTitle "playchess.com"]
[Source "ChessBase"]
[SourceQuality "1"]
[TimeControl "40/5400+30:1800+30"]

1. e4 e6 2. d4 d5 3. Nc3 Nf6 4. e5 Nfd7 5. f4 c5 6. Nf3 Be7 7. Be3 b6 8. Qd2 O-O 9. O-O-O c4 10. f5 b5 11. Bg5 b4 12. Bxe7 Qxe7 13. Nb5 Nc6 {[%emt 0:16:30]} 14. b3 {[%emt 0:35:00]} c3 {[%emt 0:30:30]} 15. Qe3 {[%emt 0:07:30]} a5 {[%emt 0:06:30]} 16. Bd3 {[%emt 0:21:30]} a4 {[%emt 0:02:30]} 17. Kb1 {[%emt 0:01:30]} axb3 {[%emt 0:02:30]} 18. cxb3 {[%emt 0:00:00]} exf5 {[%emt 0:00:30]} 19. h3 {[%emt 0:18:45]} Nf6 {[%emt 0:01:30]} 20. g4 {[%emt 0:01:24]} Ne4 {[%emt 0:01:30]} 21. Rhg1 {[%emt 0:02:03]} fxg4 {[%emt 0:06:30]} 22. Bxe4 {[%emt 0:09:08]} dxe4 {[%emt 0:00:30]} 23. Ng5 {[%emt 0:00:17]} Bf5 {[%emt 0:03:30]} 24. hxg4 {[%emt 0:00:40]} c2+ {[%emt 0:01:30]} 25. Kxc2 {[%emt 0:00:52]} Rxa2+ {[%emt 0:00:30]} 26. Kb1 {[%emt 0:00:47]} Rfa8 {[%emt 0:00:00]} 27. Rc1 {[%emt 0:00:00]} Bg6 {[%emt 0:03:00]} 28. Rge1 {[%emt 0:02:48]} h6 {[%emt 0:01:30]} 29. Nxe4 {[%emt 0:00:48]} Qe6 {[%emt 0:00:30]} 30. Nbd6 {[%emt 0:01:19]} Nxd4 {[%emt 0:01:30]} 31. Rc8+ {[%emt 0:00:37]} Qxc8 {[%emt 0:00:30]} 32. Nxc8 {[%emt 0:00:30]} Ra1+ {[%emt 0:00:30]} 33. Kb2 {[%emt 0:00:00]} R8a2# {[%emt 0:00:00]} 0-1

[Event "World Junior U20 Open 2018"]
[Site "Gebze"]
[Date "2018.09.14"]
[Round "10.53"]
[White "Arcuti, Davide"]
[Black "Erdogan, Anil Berk"]
[Result "1-0"]
[WhiteElo "2356"]
[BlackElo "2083"]
[Annotator "ChessBase"]
[PlyCount "79"]
[EventDate "2018.09.05"]
[EventType "swiss"]
[EventCountry "TUR"]
[SourceTitle "playchess.com"]
[Source "ChessBase"]
[SourceQuality "1"]
[TimeControl "40/5400+30:1800+30"]

1. d4 Nf6 2. c4 c5 3. d5 e6 4. Nc3 exd5 5. cxd5 d6 6. Nf3 g6 7. Bf4 a6 8. a4 Bg7 9. h3 O-O 10. e3 Ne8 11. Be2 Nd7 12. O-O Rb8 13. Qb3 Qe7 14. Rfe1 h6 {[%emt 0:18:00]} 15. Nd2 {[%emt 0:24:30]} g5 {[%emt 0:09:30]} 16. Bh2 {[%emt 0:00:30]} Ne5 {[%emt 0:00:30]} 17. Bxa6 {[%emt 0:16:30]} g4 {[%emt 0:22:30]} 18. hxg4 {[%emt 0:05:30]} Nxg4 {[%emt 0:14:30]} 19. Bg3 {[%emt 0:03:30]} Nef6 {[%emt 0:03:30]} 20. Be2 {[%emt 0:05:30]} Nh5 {[%emt 0:05:30]} 21. Bxg4 {[%emt 0:01:30]} Bxg4 {[%emt 0:00:30]} 22. Bh2 {[%emt 0:01:30]} Kh8 {[%emt 0:09:10]} 23. Nc4 {[%emt 0:09:30]} Qg5 {[%emt 0:03:01]} 24. Ne4 {[%emt 0:08:30]} Qg6 {[%emt 0:09:00]} 25. Ng3 {[%emt 0:02:30]} Rg8 {[%emt 0:00:51]} 26. Nxh5 {[%emt 0:10:10]} Bxh5 {[%emt 0:01:36]} 27. Bg3 {[%emt 0:01:38]} Rbe8 {[%emt 0:04:02]} 28. Nxd6 {[%emt 0:05:53]} Re5 {[%emt 0:00:56]} 29. Nc4 {[%emt 0:00:46]} Rg5 {[%emt 0:00:32]} 30. d6 {[%emt 0:03:43]} Bf6 {[%emt 0:00:46]} 31. Qxb7 {[%emt 0:02:37]} Rxg3 {[%emt 0:00:37]} 32. fxg3 {[%emt 0:00:00]} Qxg3 {[%emt 0:00:19]} 33. Rf1 {[%emt 0:00:51]} Be5 {[%emt 0:00:36]} 34. Nxe5 {[%emt 0:00:34]} Qxe5 {[%emt 0:00:30]} 35. Qe7 {[%emt 0:00:48]} Qd5 {[%emt 0:00:33]} 36. Rf2 {[%emt 0:00:19]} Bg4 {[%emt 0:00:26]} 37. Qxf7 {[%emt 0:00:45]} Be6 {[%emt 0:00:18]} 38. Qf4 {[%emt 0:00:40]} Rg6 {[%emt 0:00:41]} 39. a5 {[%emt 0:00:38]} Bh3 {[%emt 0:00:35]} 40. Qf8+ {[%emt 0:00:00]} 1-0

[Event "World Junior U20 Open 2018"]
[Site "Gebze"]
[Date "2018.09.14"]
[Round "10.54"]
[White "Rodrigue-Lemieux, Shawn"]
[Black "Nastase, Robert-Paul"]
[Result "1-0"]
[WhiteElo "2250"]
[BlackElo "2313"]
[Annotator "ChessBase"]
[PlyCount "103"]
[EventDate "2018.09.05"]
[EventType "swiss"]
[EventCountry "TUR"]
[SourceTitle "playchess.com"]
[Source "ChessBase"]
[SourceQuality "1"]
[TimeControl "40/5400+30:1800+30"]

1. e4 e6 2. d4 d5 3. Nd2 Nf6 4. e5 Nfd7 5. f4 c5 6. c3 Nc6 7. Ndf3 Qb6 8. g3 Be7 9. h4 a5 10. a3 cxd4 11. cxd4 {[%emt 0:09:30]} h5 {[%emt 0:32:30]} 12. Ne2 {[%emt 0:00:30]} Ndb8 {[%emt 0:00:30]} 13. Nc3 {[%emt 0:06:30]} g6 {[%emt 0:03:30]} 14. Rh2 {[%emt 0:03:30]} Bd7 {[%emt 0:00:30]} 15. Be3 {[%emt 0:04:30]} Na7 {[%emt 0:08:30]} 16. Bd3 {[%emt 0:02:30]} Qd8 {[%emt 0:06:30]} 17. Qc2 {[%emt 0:13:30]} Rg8 {[%emt 0:03:30]} 18. Qe2 {[%emt 0:00:30]} Bc6 {[%emt 0:04:30]} 19. Ng5 {[%emt 0:05:30]} Qd7 {[%emt 0:00:30]} 20. g4 {[%emt 0:02:30]} hxg4 {[%emt 0:00:30]} 21. Qxg4 {[%emt 0:00:30]} Na6 {[%emt 0:01:30]} 22. Rg2 {[%emt 0:11:30]} O-O-O {[%emt 0:24:21]} 23. Nxf7 {[%emt 0:01:30]} Bxh4+ {[%emt 0:00:30]} 24. Qxh4 {[%emt 0:00:00]} Qxf7 {[%emt 0:00:00]} 25. Kd2 {[%emt 0:03:00]} b5 {[%emt 0:10:37]} 26. Rag1 {[%emt 0:02:30]} Qb7 {[%emt 0:00:22]} 27. Rxg6 {[%emt 0:06:30]} Rxg6 {[%emt 0:00:04]} 28. Rxg6 {[%emt 0:00:00]} b4 {[%emt 0:00:05]} 29. axb4 {[%emt 0:01:00]} Nxb4 {[%emt 0:00:43]} 30. Qf6 {[%emt 0:23:52]} Nxd3 {[%emt 0:00:34]} 31. Kxd3 {[%emt 0:01:20]} Qxb2 {[%emt 0:01:23]} 32. Qxe6+ {[%emt 0:00:25]} Kb8 {[%emt 0:00:05]} 33. Bd2 {[%emt 0:02:17]} Qb6 {[%emt 0:01:11]} 34. Ke3 {[%emt 0:01:01]} a4 {[%emt 0:00:58]} 35. Nxa4 {[%emt 0:00:50]} Qb1 {[%emt 0:01:50]} 36. Nc3 {[%emt 0:00:40]} Qf1 {[%emt 0:00:04]} 37. Qg4 {[%emt 0:00:48]} Bb5 {[%emt 0:01:22]} 38. Nxb5 {[%emt 0:00:42]} Nxb5 {[%emt 0:00:31]} 39. Qe6 {[%emt 0:00:38]} Nc7 {[%emt 0:00:59]} 40. Qb6+ {[%emt 0:01:07]} Kc8 {[%emt 0:00:00]} 41. Ba5 {[%emt 0:17:45]} Qc1+ {[%emt 0:01:21]} 42. Ke2 {[%emt 0:02:33]} Qc2+ {[%emt 0:00:30]} 43. Kf3 {[%emt 0:00:38]} Qd1+ {[%emt 0:00:30]} 44. Kf2 {[%emt 0:00:24]} Qc2+ {[%emt 0:00:30]} 45. Kg3 {[%emt 0:01:39]} Qd3+ {[%emt 0:00:30]} 46. Kg4 {[%emt 0:01:29]} Qe2+ {[%emt 0:01:30]} 47. Kg5 {[%emt 0:00:50]} Qg2+ {[%emt 0:01:30]} 48. Kf6 {[%emt 0:01:07]} Ne8+ {[%emt 0:00:30]} 49. Ke7 {[%emt 0:02:41]} Rd7+ {[%emt 0:00:30]} 50. Kxe8 {[%emt 0:02:39]} Re7+ {[%emt 0:00:00]} 51. Kxe7 {[%emt 0:00:25]} Qg5+ {[%emt 0:00:00]} 52. Qf6 {[%emt 0:00:00]} 1-0